| 000 | 01053nam a2200277 i 4500 | ||
|---|---|---|---|
| 001 | 12201 | ||
| 003 | KOSZ 005 | ||
| 005 | 20200630132826.0 | ||
| 008 | 081026s1957 pl a f 000 0 pol | ||
| 015 | _aPB 1958/803 | ||
| 040 |
_aWA N _cKOSZ 005/RW _dKOSZ 005/RW |
||
| 080 | _a301+39+016 | ||
| 100 | 1 |
_aKrzywicki, Ludwik _d(1859-1941). _eAutor |
|
| 245 | 1 | 0 |
_aPierwociny więzi społecznej / _cLudwik Krzywicki ; [red. Jan Lutyński]. |
| 260 |
_aWarszawa : _bPaństwowe Wydawnictwo Naukowe, _c1957. |
||
| 300 |
_a806 s., [1] k. tabl. : _bil., err. ; _c25 cm. |
||
| 380 | _aKsiążki. | ||
| 490 | 1 |
_aDzieła / Ludwik Krzywicki ; _vt. 1. |
|
| 504 | _aBibliogr. s. [749]-769. | ||
| 650 | 4 |
_aLudy pierwotne _xsocjologia. |
|
| 700 | 1 |
_aLutyński, Jan _d(1921-1988). _eRedakcja |
|
| 710 | 2 |
_aPaństwowe Wydawnictwo Naukowe _4pbl. |
|
| 800 | 1 |
_aKrzywicki, Ludwik _d(1859-1941). _tDzieła ; _vt. 1. |
|
| 856 |
_uhttp://koha.tu.koszalin.pl/cgi-bin/koha/opac-detail.pl?biblionumber=12201 _yKatalog online BPK |
||
| 942 |
_2UKD _cKS |
||
| 999 |
_c12201 _d12201 |
||